| 000 | 01606nam a2200361 c 4500 | ||
|---|---|---|---|
| 003 | BLK | ||
| 005 | 20240418124849.0 | ||
| 008 | 180408b bul|||||r ||||||| ||bul|| | ||
| 010 | _aKNG00074298000 | ||
| 020 |
_a954-739-602-1 _bиздат.: Захарий Стоянов |
||
| 040 | _aBLK | ||
| 041 |
_aBUL _cBUL |
||
| 080 |
_aБългарска литература _b821.163.2 _x-31 _z821.163.2-31 |
||
| 100 | 1 |
_aСтоев, Генчо Динев _eпърви автор _9253948 |
|
| 139 |
_aСтоев, Генчо Динев _bС 77 |
||
| 245 | 1 | 0 |
_aЦената на златото _cГенчо Динев Стоев; състав. Иван Гранитски. |
| 245 | 1 | 0 |
_aЗавръщане _b _c |
| 250 | _a5. изд. | ||
| 257 | _aBGR | ||
| 260 |
_аСофия _bЗахарий Стоянов _c2006 |
||
| 300 |
_a372 с. _c20 см |
||
| 380 | _aX | ||
| 490 | 1 |
_aПоредица Българска класика _v96 |
|
| 500 | _a1. изд. 1977 на изд. Хр. Г. Данов. - Съдържа и Думи на Генчо Стоев / Ив. Цветков, К. Куюмджиев, П. Тотев, С. Игов. | ||
| 653 | _aромани | ||
| 700 | 1 |
_aГранитски, Иван _qДимитров, Иван Йорданов _d1953- _gЖурналист, литературен критик, теоретик и историк, поет, публицист и издател. _eсъстав. _955767 |
|
| 852 | _aЦб 233380 | ||
| 856 | 4 |
_qpdf _u |
|
| 856 | 4 |
_qpdf _u |
|
| 942 |
_cKNG _n0 _05 |
||
| 944 |
_aCR _c20.04.2007 _lМинев Младен _k30530 |
||
| 944 |
_aED _c15.10.2012 _lф / _k |
||
| 999 |
_c69945 _d69945 |
||